000 00344nam a2200133Ia 4500
003 GCL
008 140319s9999 xx 000 0 ara d
040 _aGCL /
_cGCL
082 0 4 _a245
_bش ك
245 1 0 _aكتاب نهاية الانغام فى علم الكلام
260 _a[S.N] :
_bمكتبة المتنبى
300 _a514
490 _a
999 _c31436
_d31436